CPV (The Credit Portfolio View) modelový prístup

CPV model navrhnutý Wilsonom v roku 1997 prezentuje makroekonomické modelovanie miery zlyhania a migrácie a cyklickú dynamiku týchto ukazovateľov. Podstata a charakteristiky modelu CPV. Modelovacie techniky závislosti CPV modelového prístupu. Základné bloky modelovania miery zlyhania a miery migrá...

Descrizione completa

Salvato in:
Dettagli Bibliografici
Autore principale: Tkáčová, Jana, 1977-
Natura: Capitolo di libro
Lingua:slovacco
Soggetti:
Tags: Aggiungi Tag
Nessun Tag, puoi essere il primo ad aggiungerne!!

MARC

LEADER 00000nla$a2200000$$$4500
001 0070825
005 20231121082224.4
041 0 |a slo 
044 |a SK 
245 1 0 |a CPV (The Credit Portfolio View) modelový prístup  |c Jana Tkáčová 
520 |a CPV model navrhnutý Wilsonom v roku 1997 prezentuje makroekonomické modelovanie miery zlyhania a migrácie a cyklickú dynamiku týchto ukazovateľov. Podstata a charakteristiky modelu CPV. Modelovacie techniky závislosti CPV modelového prístupu. Základné bloky modelovania miery zlyhania a miery migrácie portfóliových segmentov. 
610 2 0 |a modelovanie ekonometrické 
610 2 0 |a migrácia 
610 2 0 |a zlyhanie trhu 
610 2 0 |a portfólio 
610 2 0 |a riziko úverové 
100 1 |a Tkáčová, Jana, 1977-